Focus sur: Dior - Tolkien - Statistiques

Statistiques générales
  • Ce quiz a été pris 18 fois
  • Le résultat moyen est 13 sur 20
Statistiques - réponses
Informations recherchées Réponses % Correct
Espèce Elfe
100%
Première apparition Le Silmarillion
100%
Age durant lequel il vécut Premier
100%
Profession et titre Roi de Doriath
100%
Couleur des cheveux Brun
91%
Royaumes et contrées Doriath
91%
Groupe de l'espèce Sindar
91%
Mère Lúthien
82%
Cité Menegroth
82%
Père Beren
73%
Epouse Nimloth
73%
Elu Thingol
64%
Fille Elwing
64%
Surnoms Eluchil
36%
Maisons (lignées) Peuple de {Bëor}
36%
Eluréd
27%
Fils Elurín
27%
Ossiriand
18%
Aranel
0%
Autre nom Ausir
0%
Aucun quiz correspondant
Distribution des résultats
% des personnes avec chaque résultat
Percentile par nombre de réponses
Votre historique - résultats
Vous n’avez pas pris ce quiz